Mariano Marcos State University

University Library System

A preliminary study on the utilization of sawdust, calcined ricehull ash and Solsona white clay in the manufacture of ceramic water filter (Record no. 9468)

MARC details
000 -LEADER
fixed length control field 00661nam a22001697a 4500
003 - CONTROL NUMBER IDENTIFIER
control field OSt
005 - DATE AND TIME OF LATEST TRANSACTION
control field 20171010095428.0
008 - FIXED-LENGTH DATA ELEMENTS--GENERAL INFORMATION
fixed length control field 120424t xxu||||| |||| 00| 0 eng d
040 ## - CATALOGING SOURCE
Original cataloging agency MMSU
Transcribing agency ULS
100 ## - MAIN ENTRY--PERSONAL NAME
Personal name Cabinian, Charilyn Joy S.
9 (RLIN) 8745
245 ## - TITLE STATEMENT
Title A preliminary study on the utilization of sawdust, calcined ricehull ash and Solsona white clay in the manufacture of ceramic water filter
Statement of responsibility, etc. Charilyn Joy S. Cabinian
260 ## - PUBLICATION, DISTRIBUTION, ETC.
Date of publication, distribution, etc. 2009
300 ## - PHYSICAL DESCRIPTION
Extent xii, 47 leaves
Dimensions 28 cm.
500 ## - GENERAL NOTE
General note Thesis (BS Ceramic Engineering) -- Mariano Marcos State University-College of Engineering, Batac City
504 ## - BIBLIOGRAPHY, ETC. NOTE
Bibliography, etc. note Bibliography: leaves 31-32
942 ## - ADDED ENTRY ELEMENTS (KOHA)
Source of classification or shelving scheme
Koha item type Thesis/Dissertation
Holdings
Withdrawn status Lost status Source of classification or shelving scheme Damaged status Not for loan Home library Current library Date acquired Total Checkouts Barcode Date last seen Price effective from Koha item type Public note
          REF REF 04/24/2012   3655-Un 10/10/2017 10/10/2017 Thesis/Dissertation Library Use only

© 2023 Mariano Marcos State University. All Rights Reserved.

Powered by Koha